Integer and mixed programming : theory and applications
Αποθηκεύτηκε σε:
| Κύριος συγγραφέας: | |
|---|---|
| Άλλοι συγγραφείς: | |
| Μορφή: | Βιβλίο |
| Γλώσσα: | English French |
| Δημοσίευση: |
New York :
Academic Press,
1977
|
| Σειρά: | Mathematics in science and engineering ;
; 137 |
| Θέματα: | |
| Ετικέτες: |
Προσθήκη ετικέτας
Δεν υπάρχουν, Καταχωρήστε ετικέτα πρώτοι!
|
MARC
| LEADER | 00000cam a2200000 i 4500 | ||
|---|---|---|---|
| 001 | 1/60903 | ||
| 008 | 941103s1977 eng d | ||
| 020 | |a 0124023657 | ||
| 035 | |l 10046342 | ||
| 040 | |a GR-MY-UA |b gre |e aacr | ||
| 041 | 0 | |a eng |h fre | |
| 082 | 0 | |a 519.77 | |
| 100 | 1 | |a Kaufmann, A. |q (Arnold) |d 1911- | |
| 245 | 1 | 0 | |a Integer and mixed programming : |b theory and applications / |c Arnold Kaufmann, Arnaud Henry-Labordere ; translated by Henry C. Sneyd |
| 260 | |a New York : |b Academic Press, |c 1977 | ||
| 300 | |a 379 p.; |b ill.; |c 24 cm | ||
| 490 | 1 | |a Mathematics in science and engineering |v ; 137 | |
| 500 | |a Translation of v. 3 of Methodes et modeles de la recherche operationnelle | ||
| 500 | |a Includes index | ||
| 504 | |a Bibliography: p. 370-373 | ||
| 650 | 0 | 0 | |a Integer programming. |
| 700 | 1 | |a Henry-Labordere, A. | |
| 830 | 0 | |a Mathematics in science and engineering ; |v ; 137 | |
| 852 | |a INST |b SAMOS |e 19941103 |h 519.77 KAU |p 005300001153 |q 005300001153 |t BK |y 0 | ||
| 909 | |a Σ |b 008148 | ||